[Event "GRE-ch U16"]
[Site "Peristeri"]
[Date "2023.07.09"]
[Round "9"]
[White "Theodoroglakis, Ioannis"]
[Black "Zouroufidis, Konstantinos"]
[Result "1/2-1/2"]
[WhiteElo "1235"]
[BlackElo "1488"]
[PlyCount "94"]
[EventDate "2023.07.03"]
[EventType "swiss"]
[EventRounds "9"]
[EventCountry "GRE"]
[SourceTitle "EXT 2024"]
[Source "ChessBase"]
[SourceDate "2023.10.10"]
[SourceVersion "1"]
[SourceVersionDate "2023.10.10"]
[SourceQuality "1"]

1. c4 e6 2. Nf3 d5 3. g3 c6 4. b3 Nf6 5. Bg2 Bd6 6. Bb2 0-0 7. 0-0 Nbd7 8. d4 Re8 9. Nbd2 Nf8 10. Rc1 Ng6 11. Re1 h5 12. e4 dxe4 13. Nxe4 Nxe4 14. Rxe4 f5 15. Re1 h4 16. Ne5 Nxe5 17. dxe5 Bc5 18. Qxd8 Rxd8 19. Rcd1 Bd7 20. Rd3 Be8 21. Red1 Rxd3 22. Rxd3 hxg3 23. hxg3 g5 24. Bc1 Be7 25. Be3 a5 26. c5 Rd8 27. Rxd8 Bxd8 28. f4 gxf4 29. gxf4 Bh5 30. a3 Bd1 31. b4 axb4 32. axb4 Be2 33. Bf1 Bxf1 34. Kxf1 Kf7 35. Ke2 Ke8 36. Bd2 Kd7 37. Kd3 Kc8 38. Kc4 b5+ 39. Kd3 Kd7 40. Ke3 Bh4 41. Kf3 Ke7 42. Bc3 Kf7 43. Bd2 Kg6 44. Bc3 Kh5 45. Bd2 Be7 46. Be1 Bh4 47. Bd2 Be7 1/2-1/2

[Event "GRE-ch Online Blitz op 1st"]
[Site "Tornelo INT"]
[Date "2021.02.07"]
[Round "9"]
[White "Zouroufidis, Konstantinos"]
[Black "Giannakouras, Ioannis"]
[Result "1-0"]
[WhiteElo "1212"]
[BlackElo "1372"]
[PlyCount "71"]
[EventDate "2021.02.07"]
[EventType "swiss (blitz)"]
[EventRounds "16"]
[EventCountry "GRE"]
[SourceTitle "EXT 2023"]
[Source "ChessBase"]
[SourceDate "2022.10.05"]
[SourceVersion "1"]
[SourceVersionDate "2022.10.05"]
[SourceQuality "1"]

1. e4 c6 2. d4 d5 3. e5 Bf5 4. Nf3 e6 5. c3 Nd7 6. Be2 Qb6 7. 0-0 c5 8. b3 Bxb1 9. Rxb1 cxd4 10. cxd4 Rc8 11. Bb2 Ne7 12. Rc1 Nc6 13. h3 Be7 14. Bd3 0-0 15. Bb1 Nb4 16. a3 Rxc1 17. Qxc1 Nc6 18. Qc2 g6 19. b4 Rc8 20. Qd3 Bf8 21. h4 Bg7 22. h5 Ne7 23. hxg6 hxg6 24. Ng5 Nf5 25. Qh3 Nf8 26. Bxf5 exf5 27. g4 fxg4 28. Qxg4 Rc2 29. Ba1 Ra2 30. Qf3 Qc6 31. Qxf7+ Kh8 32. e6 Rxa3 33. e7 Qc8 34. exf8Q+ Qxf8 35. Qxg6 Kg8 36. Qh7# 1-0

[Event "GRE-ch Online Blitz op 1st"]
[Site "Tornelo INT"]
[Date "2021.02.07"]
[Round "5"]
[White "Zouroufidis, Konstantinos"]
[Black "Skiadopoulos, Nikolaos"]
[Result "0-1"]
[WhiteElo "1212"]
[BlackElo "2036"]
[PlyCount "94"]
[EventDate "2021.02.07"]
[EventType "swiss (blitz)"]
[EventRounds "16"]
[EventCountry "GRE"]
[SourceTitle "EXT 2023"]
[Source "ChessBase"]
[SourceDate "2022.10.05"]
[SourceVersion "1"]
[SourceVersionDate "2022.10.05"]
[SourceQuality "1"]

1. e4 c5 2. c3 Nf6 3. e5 Nd5 4. d4 cxd4 5. cxd4 d6 6. Nf3 Nc6 7. Bc4 Nb6 8. Bb3 dxe5 9. dxe5 Qxd1+ 10. Bxd1 Bg4 11. Bf4 e6 12. 0-0 Nd5 13. Bg3 h5 14. Nbd2 Be7 15. h3 Bf5 16. Nc4 Bd3 17. Nd6+ Bxd6 18. exd6 Bxf1 19. Kxf1 0-0 20. Bc2 g6 21. Ba4 Rac8 22. Rd1 Rfd8 23. Ne5 Nxe5 24. Bxe5 Rc5 25. Bg3 b5 26. Bb3 a5 27. a4 bxa4 28. Bxa4 f6 29. b3 e5 30. d7 Kf7 31. Ke2 Ke6 32. Kf3 Nc3 33. Rd3 Nxa4 34. bxa4 Rxd7 35. Rxd7 Kxd7 36. Ke4 Ke6 37. f4 Rc4+ 38. Ke3 Rxa4 39. fxe5 fxe5 40. Be1 Kd5 41. g4 Re4+ 42. Kd2 hxg4 43. hxg4 Rxg4 44. Kd3 a4 45. Bc3 Rg3+ 46. Kc2 Rxc3+ 47. Kxc3 e4 0-1